000 00365nam a22001577a 4500
003 MPLRDC
005 20220104124825.0
008 210129b ||||| |||| 00| 0 eng d
082 _a857.9 LYS-19
100 _a梁羽生著
245 _a塞外奇侠传
_c
260 _a
_b伟青书店
_c
300 _b
650 _a武侠小说
942 _cBK
_o857.9 LYS-19
999 _c22437
_d22427